Top 50 Biggest Countries by Area - Statistics

General Stats
  • This quiz has been taken 245 times
  • The average score is 44 of 50
Answer Stats
Rank Area Country % Correct
5 8.51 mil Brazil
99%
2 9.98 mil Canada
99%
7 3.28 mil India
99%
1 17.1 mil Russia
99%
6 7.69 mil Australia
98%
4 9.70 mil China
98%
13 1.96 mil Mexico
98%
3 9.85 mil United States
98%
10 2.38 mil Algeria
97%
9 2.72 mil Kazakhstan
97%
8 2.78 mil Argentina
96%
18 1.56 mil Mongolia
96%
14 1.90 mil Indonesia
94%
12 2.15 mil Saudi Arabia
94%
11 2.34 mil DR Congo
93%
24 1.22 mil South Africa
92%
15 1.88 mil Sudan
92%
46 603 k Ukraine
92%
42 640 k France
91%
19 1.28 mil Peru
91%
25 1.14 mil Colombia
90%
33 882 k Pakistan
90%
20 1.28 mil Chad
89%
17 1.64 mil Iran
89%
16 1.76 mil Libya
89%
21 1.26 mil Niger
89%
29 1.00 mil Egypt
88%
31 923 k Nigeria
88%
36 783 k Turkey
88%
32 916 k Venezuela
88%
37 756 k Chile
87%
27 1.09 mil Bolivia
84%
26 1.10 mil Ethiopia
84%
23 1.24 mil Mali
82%
28 1.03 mil Mauritania
81%
22 1.24 mil Angola
80%
34 825 k Namibia
80%
43 637 k Somalia
80%
30 945 k Tanzania
80%
41 652 k Afghanistan
79%
35 801 k Mozambique
78%
45 619 k South Sudan
78%
49 580 k Kenya
77%
38 752 k Zambia
77%
48 582 k Botswana
76%
40 676 k Myanmar
74%
44 623 k Central African Republic
73%
47 587 k Madagascar
71%
39 712 k Morocco
71%
50 528 k Yemen
63%
No matching quizzes found
Score Distribution
Percent of People with Each Score
Percentile by Number Answered
Your Score History
You have not taken this quiz